000 00396cam a22001337a 4500
008 180718b1996 xxu||||| |||| 00| 0 eng d
020 _a8170333106
082 _aYA3055 N231e (R)
100 _aNarar, N.B.
245 _aEncyclopaedia of surveying, mapping and remote sensing
_cby N.B. Nayar
260 _aJaipur
_bRawat
_c1996
300 _a406p.
650 _aScience and technology - Encyclopaedia
999 _c378976
_d378976